<?xml version="1.0" encoding="UTF-8"?>
<record
    xmlns:xsi="http://www.w3.org/2001/XMLSchema-instance"
    xsi:schemaLocation="http://www.loc.gov/MARC21/slim http://www.loc.gov/standards/marcxml/schema/MARC21slim.xsd"
    xmlns="http://www.loc.gov/MARC21/slim">

  <leader>01446nam a22002297a 4500</leader>
  <datafield tag="999" ind1=" " ind2=" ">
    <subfield code="c">22206</subfield>
    <subfield code="d">22206</subfield>
  </datafield>
  <controlfield tag="003">AR-CdUCM</controlfield>
  <controlfield tag="008">190425b           ||||| |||| 00| 0 spa d</controlfield>
  <datafield tag="040" ind1=" " ind2=" ">
    <subfield code="a">MUNICIPALIDAD PROVINCIAL DEL CUSCO</subfield>
    <subfield code="c">BIBLIOTECA MUNICIPAL DEL CUSCO</subfield>
  </datafield>
  <datafield tag="082" ind1=" " ind2=" ">
    <subfield code="a">Qeu&#xF1;a/N&#xB0;2/2008</subfield>
  </datafield>
  <datafield tag="245" ind1=" " ind2=" ">
    <subfield code="a">Q&#xB4;eu&#xF1;a :</subfield>
    <subfield code="b">revista de la Sociedad Bot&#xE1;nica del Cusco /</subfield>
    <subfield code="c">Sociedad Bot&#xE1;nica del Cusco</subfield>
  </datafield>
  <datafield tag="260" ind1=" " ind2=" ">
    <subfield code="a">Cusco.</subfield>
    <subfield code="b">Moderna,</subfield>
    <subfield code="c">2008.</subfield>
  </datafield>
  <datafield tag="300" ind1=" " ind2=" ">
    <subfield code="a">62 p&#xE1;ginas. :</subfield>
    <subfield code="b">ilustraciones ;</subfield>
    <subfield code="c">28 cm.</subfield>
  </datafield>
  <datafield tag="440" ind1=" " ind2=" ">
    <subfield code="a">Q&#xB4;eu&#xF1;a.</subfield>
    <subfield code="n">A&#xF1;o II, N&#xB0;02, 2008.</subfield>
    <subfield code="9">47644</subfield>
  </datafield>
  <datafield tag="505" ind1=" " ind2=" ">
    <subfield code="a">Contenido: Aislamiento y evacuaci&#xF3;n de medios de cultivo para el crecimiento vegetativo del hongo del valle de la Convenci&#xF3;n. -- Liquenobiota del Parque Arqueol&#xF3;gico de Saqsaywaman. -- Frutales nativos silvestres consumidos en los mercados locales y zonas rurales de la Amazon&#xED;a peruana Departamentos de Cusco, Loreto y Madre de Dios. -- Estudio flor&#xED;stico preliminar del ca&#xF1;&#xF3;n de Suykutambo de la provincia de Espinar. -- Forestales nativos del Valle Sagrado. -- Conozcamos nuestros forestales nativos. -- Significado de las flores. -- Sociedad  protectora de la naturaleza del Cusco. -- La diversidad de la flora alto andina entre 3500-4500 msnm.</subfield>
  </datafield>
  <datafield tag="650" ind1=" " ind2=" ">
    <subfield code="a">Bot&#xE1;nica cusque&#xF1;a</subfield>
    <subfield code="9">45807</subfield>
  </datafield>
  <datafield tag="650" ind1=" " ind2=" ">
    <subfield code="a">Biodiversidad</subfield>
    <subfield code="9">19327</subfield>
  </datafield>
  <datafield tag="700" ind1=" " ind2=" ">
    <subfield code="a">Tupayachi Herrera, Alfredo</subfield>
    <subfield code="9">20659</subfield>
  </datafield>
  <datafield tag="700" ind1=" " ind2=" ">
    <subfield code="a">Mostajo Zavaleta, Martha</subfield>
    <subfield code="9">47645</subfield>
  </datafield>
  <datafield tag="710" ind1=" " ind2=" ">
    <subfield code="a">Sociedad Bot&#xE1;nica del Cusco</subfield>
    <subfield code="9">47643</subfield>
  </datafield>
  <datafield tag="942" ind1=" " ind2=" ">
    <subfield code="2">ddc</subfield>
    <subfield code="c">PP</subfield>
  </datafield>
  <datafield tag="945" ind1=" " ind2=" ">
    <subfield code="a">rac</subfield>
  </datafield>
  <datafield tag="952" ind1=" " ind2=" ">
    <subfield code="0">0</subfield>
    <subfield code="2">ddc</subfield>
    <subfield code="4">0</subfield>
    <subfield code="7">0</subfield>
    <subfield code="a">HEM</subfield>
    <subfield code="b">HEM</subfield>
    <subfield code="c">CART</subfield>
    <subfield code="d">2022-03-23</subfield>
    <subfield code="o">Qeu&#xF1;a/N&#xB0;2/2008</subfield>
    <subfield code="p">REVC000874</subfield>
    <subfield code="r">2022-03-23</subfield>
    <subfield code="y">PP</subfield>
  </datafield>
</record>
